000
00303cam a22001097a 4500
008
180718bNew Delhi xxu||||| |||| 00| 0 eng d
020
_a
9789351119173
100
_a
Sharma, C.H.
245
_a
Art of leadership
_c
by C.H. Sharma
260
_a
New Delhi
_b
Random publications
_c
New Delhi
300
_a
296p.
999
_c
445983
_d
445983